| 000 | 00593nam a22001337a 4500 | ||
|---|---|---|---|
| 040 | _cRUA | ||
| 082 | _aAGR PHO 2023 B1.446 Or.1 | ||
| 100 | _aPHON HORN, ផុន ហ៊ាន់ | ||
| 245 | _aUtilization of spent substrate on oyster mushroom cultivation, ការប្រើប្រាស់អាចម៍រណាដាំដុះរួច លើការដាំដុះផ្សិតអំបោះ | ||
| 260 |
_aPHNOM PENH _bRUA _c2023 |
||
| 300 |
_ax, _bill, _c29cm, |
||
| 856 | _uhttps://drive.google.com/file/d/1zefR5Wf1RJPFKzmtLtUVQXxs0e1LrvgU/view?usp=sharing | ||
| 942 | _cAGR | ||
| 999 |
_c24092 _d24092 |
||